Racionalizacion presupuestaria y política de gasto público / Andres Dauhajre (Registro nro. 11835)

Detalles MARC
000 -LEADER
fixed length control field 00557nam a22001811a 4500
001 - CONTROL NUMBER
control field 11835
003 - CONTROL NUMBER IDENTIFIER
control field OSt
005 - DATE AND TIME OF LATEST TRANSACTION
control field 20260204212259.0
008 - FIXED-LENGTH DATA ELEMENTS--GENERAL INFORMATION
fixed length control field 131126s2001||||dr ||||||b||||||||||spa||
020 ## - NUMERO DE LIBRO INTERNACIONAL NORMALIZADO
International Standard Book Number 99934129
082 ## - DEWEY DECIMAL CLASSIFICATION NUMBER
Classification number RD 336.7293
100 ## - ASIENTO PRINCIPAL -- NOMBRE PERSONAL
Personal name Dauhajre, Andres
245 ## - TÍTULO PROPIAMENTE DICHO: SUBTÍTULO
Title Racionalizacion presupuestaria y política de gasto público / Andres Dauhajre
264 ## - PRODUCTION, PUBLICATION, DISTRIBUTION, MANUFACTURE, AND COPYRIGHT NOTICE
Place of production, publication, distribution, manufacture Santo Doimingo : Banco Central
300 ## - PHYSICAL DESCRIPTION
Extensión xl ll, 534 P
650 ## - ASIENTO SECUNDARIO DE MATERIA -- TERMINO TEMÁTICO
Termino Temático Como Elemento de Entrada GASTOS PUBLICO - REPUBLICA DOMINICANA 2.RECURSOS PRESUPUESTARIO - REPUBLICA DOMINICANAÌ
942 ## - ADDED ENTRY ELEMENTS (KOHA)
Source of classification or shelving scheme Dewey Decimal Classification
Koha item type Libros
Existencias
Withdrawn status Lost status Source of classification or shelving scheme Damaged status Not for loan Current library Date acquired Full call number Barcode Date last seen Copy number Price effective from Koha item type Shelving location Inventory number
    Dewey Decimal Classification     Biblioteca UTECO 09/09/2019 RD 336.7293 017210 09/09/2019 Ej.1 09/09/2019 Libros    
    Dewey Decimal Classification     Biblioteca UTECO 12/10/2024 RD 336.7293 023224 12/10/2024 Ej.2 12/10/2024 Libros En Estantería 023224
© 2021 Derechos Reservados UTECO - Teléfono: +1 809-585-2291 - Correo electrónico: biblioteca@uteco.edu.do​  
Código postal 43000 ​​
Dirección: Avenida Universitaria No. 100, 
Cotuí, Provincia Sánchez Ramírez, República Dominicana - RNC: 404-00059-6